Tratado de contabilidad de costos (Registro nro. 720)
[ vista simple ]
| 000 -LEADER | |
|---|---|
| fixed length control field | 01909 a2200385 4500 |
| 001 - CONTROL NUMBER | |
| control field | 17106 |
| 005 - DATE AND TIME OF LATEST TRANSACTION | |
| control field | 20260407155459.0 |
| 008 - FIXED-LENGTH DATA ELEMENTS--GENERAL INFORMATION | |
| fixed length control field | 260407a1991 arg spa d |
| 003 - CONTROL NUMBER IDENTIFIER | |
| control field | AR-UNSa-BCEJYS |
| 040 ## - CATALOGING SOURCE | |
| Original cataloging agency | AR-UNSa-BCEJYS |
| Language of cataloging | spa |
| Transcribing agency | AR-UNSa-BCEJYS |
| 080 ## - UNIVERSAL DECIMAL CLASSIFICATION NUMBER | |
| Universal Decimal Classification number | 657.47 |
| Common auxiliary subdivision | Contabilidad de Costos |
| 020 ## - INTERNATIONAL STANDARD BOOK NUMBER | |
| International Standard Book Number | 978-950-537-052-8 |
| 041 ## - LANGUAGE CODE | |
| Language code of text/sound track or separate title | spa |
| 100 1# - MAIN ENTRY--PERSONAL NAME | |
| Personal name | Espósito, Walter O. |
| 245 10 - TITLE STATEMENT | |
| Title | Tratado de contabilidad de costos |
| 250 ## - EDITION STATEMENT | |
| Edition statement | 3a. ed. |
| 264 #1 - PRODUCTION, PUBLICATION, DISTRIBUTION, MANUFACTURE, AND COPYRIGHT NOTICE | |
| Place of production, publication, distribution, manufacture | Buenos Aires : |
| Name of producer, publisher, distributor, manufacturer | Ediciones Macchi |
| Date of production, publication, distribution, manufacture, or copyright notice | 1991 |
| 300 ## - PHYSICAL DESCRIPTION | |
| Extent | 762 p. |
| Dimensions | 22 cm. |
| 505 ## - FORMATTED CONTENTS NOTE | |
| Formatted contents note | 1. Introducción al estudio de la contabilidad de costos - 2. Introducción al estudio de la contabilidad de costos - 3. Introducción al estudio de la contabilidad de costos y libros - 4. Sistemas de costos, procesos, costos conjuntos - 5. Materias primas y materiales - 6. La mano de obra directa - 7. Costos comunes de fabricación - 8. Costos de distribución - 9. El presupuesto industrial - 10. Costos predeterminados - 11. Costos para planificación, análisis y decisiones - 12. El punto de equilibrio - 13. El punto de nivelación y las estrategias del beneficio - 14. Costos vitivinícolas - 15. Informes para la dirección - 16. Costos especiales. Costos en hospitales y clínicas - 17. Inversiones: tasa de rendimiento |
| 590 ## - LOCAL NOTE (RLIN) | |
| Local note | niveau_biblio:m niveau_hierar:0 |
| 700 1# - ADDED ENTRY--PERSONAL NAME | |
| Personal name | Dominguez, Luis Martín |
| 700 1# - ADDED ENTRY--PERSONAL NAME | |
| Personal name | Giménez, Carlos Manuel |
| 700 1# - ADDED ENTRY--PERSONAL NAME | |
| Personal name | Rodríguez Jauregui, Hugo A. |
| 700 1# - ADDED ENTRY--PERSONAL NAME | |
| Personal name | Ercole, Raúl A. |
| 700 1# - ADDED ENTRY--PERSONAL NAME | |
| Personal name | Bottaro, Oscar Eduardo |
| 700 1# - ADDED ENTRY--PERSONAL NAME | |
| Personal name | Singer Jonker, Guillermo |
| 700 1# - ADDED ENTRY--PERSONAL NAME | |
| Personal name | Phielipp, Edgardo A. |
| 700 1# - ADDED ENTRY--PERSONAL NAME | |
| Personal name | Yardin, Amaro Ramón |
| 700 1# - ADDED ENTRY--PERSONAL NAME | |
| Personal name | Wajchman, Mauricio |
| 700 1# - ADDED ENTRY--PERSONAL NAME | |
| Personal name | Trettel, Raul A. |
| 700 1# - ADDED ENTRY--PERSONAL NAME | |
| Personal name | Gallego, Arturo V. |
| 700 1# - ADDED ENTRY--PERSONAL NAME | |
| Personal name | López Couceiro, Edmundo |
| 856 41 - ELECTRONIC LOCATION AND ACCESS | |
| Uniform Resource Identifier | <a href="https://www.biblioeco.unsa.edu.ar/pmb/images/libros/L129104.jpg">https://www.biblioeco.unsa.edu.ar/pmb/images/libros/L129104.jpg</a> |
| Link text | Imagen de portada |
| Electronic format type | image/jpeg |
| 942 ## - ADDED ENTRY ELEMENTS (KOHA) | |
| Koha item type | |
| Withdrawn status | Lost status | Damaged status | Not for loan | Home library | Current library | Shelving location | Date acquired | Total checkouts | Full call number | Barcode | Date last seen | Price effective from | Koha item type | Public note |
|---|---|---|---|---|---|---|---|---|---|---|---|---|---|---|
| Biblioteca Prof. Eusebio Cleto del Rey | Biblioteca Prof. Eusebio Cleto del Rey | 07/04/2026 | 657.47 T776 3ed. | L58053 | 07/04/2026 | 07/04/2026 | Libro | RAYADO C/ LÁPIZ - SUBRAYADO C/ LÁPIZ - MANCHAS EN EL ÍNDICE - PÁG. 200 C/ PEGAMENTO - ESCRITO C/ LÁPIZ - RAYADO C/ LAPICERA | ||||||
| Biblioteca Prof. Eusebio Cleto del Rey | Biblioteca Prof. Eusebio Cleto del Rey | 07/04/2026 | 657.47 T776 3ed. | L44246 | 07/04/2026 | 07/04/2026 | Libro | HÚMEDO - MANCHADO - LÁPIZ - CORRECTOR - RESALTADOR ROSA - PÁG 5 Y 6 SUELTA | ||||||
| Biblioteca Prof. Eusebio Cleto del Rey | Biblioteca Prof. Eusebio Cleto del Rey | 07/04/2026 | 657.47 T776 3ed. | L33383 | 07/04/2026 | 07/04/2026 | Libro | SUBRAYADO CON LAPICERA Y LÁPIZ - MANCHADO - RESALTADOR - PÁG 241 A 244 Y 287 A 292 SUELTAS - 1° PÁG ROTA (INDICE) - CINTA EN PRIMERAS PÁGINAS | ||||||
| Biblioteca Prof. Eusebio Cleto del Rey | Biblioteca Prof. Eusebio Cleto del Rey | 07/04/2026 | 657.47 T776 3ed. | L44248 | 07/04/2026 | 07/04/2026 | Libro | ÚLTIMAS HOJAS ROTAS - RESALTADOR VERDE Y CELESTE - MANCHADO - RAYADO C/ LÁPIZ - SUBRAYADO C/ LÁPIZ - 1RAS HOJAS DAÑADAS - PÁG 345 A 348 SUELTAS - MANCHADO CON FIBRA AZUL | ||||||
| Biblioteca Prof. Eusebio Cleto del Rey | Biblioteca Prof. Eusebio Cleto del Rey | 07/04/2026 | 657.47 T776 3ed. | L44244 | 07/04/2026 | 07/04/2026 | Libro | RAYADO C/ LAPICERA - MANCHADO - ÚLTIMA HOJA SEMISUELTA - CONTRATAPA SEMIDESPEGADA - CANTO INFERIOR Y SUPERIOR MANCHADO C/ ROJO | ||||||
| Biblioteca Prof. Eusebio Cleto del Rey | Biblioteca Prof. Eusebio Cleto del Rey | 07/04/2026 | 657.47 T776 3ed. | L129104 | 07/04/2026 | 07/04/2026 | Libro | PÁG. 39 A 42 ARRUGADAS - CANTO UN POCO SUCIO - RESALTADOR - LAPICERA - LÁPIZ - PARTIDO PÁG 266 |